| 000 | 00700nam a2200217 4500 | ||
|---|---|---|---|
| 003 | OSt | ||
| 005 | 20240626080121.0 | ||
| 006 | a | ||
| 008 | 240626b |||||||| |||| 00| 0 eng d | ||
| 020 | _a9789715132633 | ||
| 040 |
_aDWCL-Main lib. _cOC |
||
| 082 |
_2Revised, first edition _aFil. 150 Ap654s 2009 |
||
| 100 | _aApruebo, Roxel A. | ||
| 245 | _aThe science of psychology: text-workbook / | ||
| 250 | _aRevised, first edition | ||
| 260 |
_aManila : _bEducational Pub. House, _cc2009. |
||
| 300 |
_axi, _b409 p. : ill. ; _c24 cm. |
||
| 504 | _aIncludes bibliographical references and index. | ||
| 650 | _a1. Psychology-Textbooks. | ||
| 942 |
_2ddc _n0 _cBK - FIL _eRevised, first edition _kFil. |
||
| 999 |
_c1420 _d1420 |
||